Imaginarios sociales modernos / (Record no. 94913)
[ view plain ]
| 000 -LEADER | |
|---|---|
| fixed length control field | 00714nam a22002177a 4500 |
| 005 - DATE AND TIME OF LATEST TRANSACTION | |
| control field | 20220425095707.0 |
| 008 - FIXED-LENGTH DATA ELEMENTS--GENERAL INFORMATION | |
| fixed length control field | 150609b sp ||||| |||| 00| 0 spa d |
| 020 ## - INTERNATIONAL STANDARD BOOK NUMBER | |
| International Standard Book Number | 8449318998 |
| 050 04 - LIBRARY OF CONGRESS CALL NUMBER | |
| Classification number | H61.15 |
| Item number | T39 2006 |
| 100 1# - MAIN ENTRY--PERSONAL NAME | |
| Personal name | Taylor, Charles, |
| Dates associated with a name | 1931- |
| 240 10 - UNIFORM TITLE | |
| Uniform title | Modern social imaginaries. |
| Language of a work | Español. |
| 245 10 - TITLE STATEMENT | |
| Title | Imaginarios sociales modernos / |
| Statement of responsibility, etc | Charles Taylor ; de la traducción, Ramon Vilà Vernis |
| 250 ## - EDITION STATEMENT | |
| Edition statement | 1a ed. |
| 260 ## - PUBLICATION, DISTRIBUTION, ETC. (IMPRINT) | |
| Place of publication, distribution, etc | Barcelona, España : |
| Name of publisher, distributor, etc | Paidos Iberica, |
| Date of publication, distribution, etc | 2006 |
| 300 ## - PHYSICAL DESCRIPTION | |
| Extent | 228 p. ; |
| Dimensions | 23 cm. |
| 490 0# - SERIES STATEMENT | |
| Series statement | Paidós básica ; |
| Volume number/sequential designation | 125 |
| 650 #7 - SUBJECT ADDED ENTRY--TOPICAL TERM | |
| Source of heading or term | lemb |
| Topical term or geographic name as entry element | Ciencias sociales |
| General subdivision | Filosofía |
| 650 #7 - SUBJECT ADDED ENTRY--TOPICAL TERM | |
| Source of heading or term | lemb |
| Topical term or geographic name as entry element | Idealismo |
| 700 1# - ADDED ENTRY--PERSONAL NAME | |
| Personal name | Vilà Vernis, Ramon, |
| Relator term | traductor |
| 942 ## - ADDED ENTRY ELEMENTS (KOHA) | |
| Source of classification or shelving scheme | Biblioteca del Cogreso de los Estados Unidos |
| Koha item type | Libro |
| Estado de pérdida | Fuente de clasificación | Estado del daño | No para préstamo | Ubicación permanente | Ubicación actual | Apartado o colección | Fecha de adquisición | Edición | Área del conocimiento | Total Checkouts | Total Renewals | Clasificación | Código de Barras | Date last seen | Date checked out | Número de copia | Tipo de recurso | Fuente de adquisición | Costo por reposición |
|---|---|---|---|---|---|---|---|---|---|---|---|---|---|---|---|---|---|---|---|
| Biblioteca del Cogreso de los Estados Unidos | Biblioteca de la Facultad de Filosofía | Biblioteca de la Facultad de Filosofía | General | 09/06/2015 | 1a ed. | Educación y Humanidades | 1 | 1 | H61.15 T39 2006 | BFF000011138 | 06/08/2024 | 24/05/2024 | 1 | Libro | |||||
| Biblioteca del Cogreso de los Estados Unidos | Biblioteca de la Facultad de Filosofía | Biblioteca de la Facultad de Filosofía | General | 09/06/2015 | 1a ed. | Educación y Humanidades | H61.15 T39 2006 | BFF000011139 | 09/06/2015 | 2 | Libro | ||||||||
| Biblioteca del Cogreso de los Estados Unidos | Biblioteca de la Facultad de Filosofía | Biblioteca de la Facultad de Filosofía | General | 17/05/2018 | 1 ed. | Educación y Humanidades | H61.15 T39 2006 | BFF000029880 | 17/05/2018 | C:3 | Libro | ||||||||
| Biblioteca del Cogreso de los Estados Unidos | Biblioteca de la Facultad de Letras | Biblioteca de la Facultad de Letras | General | 25/04/2022 | 1a ed. | Ciencias Sociales y Administrativas | H61.15 T39 2006 | LLH000010032 | 25/04/2022 | 1 | Libro | Donación | 1.00 |